000 00327pam a2200133 a 4500
020 _c
041 _h
082 _a381.142
_bLAO
100 _aLaoudon
245 _aE-Commerce Business Technology Society
_hTextual Documents
260 _aNew Delhi
_bPearson Education [Addison Wesley]
_c2007
300 _a902
930 _a4666
999 _c111496
_d111496